000 00644nam a2200241Ia 4500
003 OSt
005 20220918204339.0
006 a|||||r|||| 00| 0
007 ta
008 220917b |||||||| |||| 00| 0 eng d
024 _a112,256
037 _cTextual
040 _aARTS
_cARTS
_beng
041 _2eng
_aeng
082 _aV5.N9, N2
100 _aArcher Clive
_917159
245 0 _aEuropean community
_b structure and process
260 _aLondon
_bPinter Pub
_c1992
650 _aHISTORY
700 _a Butler Fiona
_9111694
942 _hV5.N9, N2
_cTEXL
_2CC
999 _c235605
_d235605